000 00493nam a22001697a 4500
999 _c9095
_d9095
008 210323b ||||| |||| 00| 0 eng d
040 _aBMS College of Architecture
100 _aJoshi, Nidhi
245 _a5- Stat hotel
300 _aNA
500 _a1BM06AT022
502 _8B.Arch
_NBMS College of Architecture, Visvesvaraya Technological University
_aProject report
_d2011
650 _aHotel
700 _aSindhu Srikanth
_eGuide
700 _aK R Madhu Chand
_eGuide
942 _2ddc
_cTHE